Dream founder (Record no. 240808)
[ view plain ]
| 000 -LEADER | |
|---|---|
| fixed length control field | 01261nam a22002177a 4500 |
| 005 - DATE AND TIME OF LATEST TRANSACTION | |
| control field | 20260122145522.0 |
| 008 - FIXED-LENGTH DATA ELEMENTS--GENERAL INFORMATION | |
| fixed length control field | 260122b |||||||| |||| 00| 0 eng d |
| 020 ## - INTERNATIONAL STANDARD BOOK NUMBER | |
| International Standard Book Number | 9780143457121 |
| 040 ## - CATALOGING SOURCE | |
| Transcribing agency | AL |
| 041 ## - LANGUAGE CODE | |
| Language code of text/sound track or separate title | English |
| 082 ## - DEWEY DECIMAL CLASSIFICATION NUMBER | |
| Classification number | 658.421 |
| Item number | NATD |
| 100 ## - MAIN ENTRY--PERSONAL NAME | |
| Personal name | Dhruv Nath |
| 100 ## - MAIN ENTRY--PERSONAL NAME | |
| 9 (RLIN) | 252227 |
| 245 ## - TITLE STATEMENT | |
| Title | Dream founder |
| Remainder of title | : creating a successful start up |
| 260 ## - PUBLICATION, DISTRIBUTION, ETC. | |
| Place of publication, distribution, etc. | Haryana |
| Name of publisher, distributor, etc. | Penguin business |
| Date of publication, distribution, etc. | 2022 |
| 300 ## - PHYSICAL DESCRIPTION | |
| Extent | xiv,236p. |
| Other physical details | PB |
| Dimensions | 22x13cm. |
| 365 ## - TRADE PRICE | |
| Price type code | BOM5-7455949 |
| Price amount | ₹209.64 |
| Currency code | ₹ |
| Unit of pricing | ₹209.64 |
| Price effective from | 14-01-2026 |
| 520 ## - SUMMARY, ETC. | |
| Summary, etc. | The DREAM Founder is an essential entrepreneurship guide for early-stage Indian start-ups. It also has interviews with some of the most successful entrepreneurs in the world of start-ups, such as Sanjeev Bikhchandani of Naukri.com, Deepinder Goyal of Zomato, Meena Ganesh of Portea Medical and Dr Annurag Batra of Businessworld.<br/>It includes start-ups that have succeeded and also those who have failed, as you can learn so much from failures.<br/><br/>Dhruv Nath shares how you can become a DREAM Founder with these simple steps:<br/>· Dream big<br/>· Right team<br/>· Execution<br/>· Attitude<br/>· Make opportunities out of crises |
| 650 ## - SUBJECT ADDED ENTRY--TOPICAL TERM | |
| Topical term or geographic name entry element | Entrepreneurship and Start-Ups |
| 9 (RLIN) | 252228 |
| 650 ## - SUBJECT ADDED ENTRY--TOPICAL TERM | |
| Topical term or geographic name entry element | Founder Mindset and Skills |
| 9 (RLIN) | 252229 |
| 942 ## - ADDED ENTRY ELEMENTS (KOHA) | |
| Source of classification or shelving scheme | Dewey Decimal Classification |
| Koha item type | Book |
| Withdrawn status | Lost status | Source of classification or shelving scheme | Damaged status | Not for loan | Collection code | Home library | Current library | Shelving location | Date acquired | Source of acquisition | Cost, normal purchase price | Total Checkouts | Full call number | Barcode | Date last seen | Cost, replacement price | Price effective from | Koha item type |
|---|---|---|---|---|---|---|---|---|---|---|---|---|---|---|---|---|---|---|
| Dewey Decimal Classification | Management | St Aloysius Library | St Aloysius Library | Stack Section | 01/21/2026 | amazon.in | 209.64 | 658.421 NATD | 078065 | 01/22/2026 | 209.64 | 01/14/2026 | Book |